Central Library OPAC University of Rajshahi

مذاہب اسلامیہ ;; Mujahib i Islamiah ,/ (Record no. 86247)

MARC details
000 -LEADER
fixed length control field 00597nam a22001937a 4500
001 - CONTROL NUMBER
control field 86247
003 - CONTROL NUMBER IDENTIFIER
rucl marc code BD-RjUL
005 - DATE AND TIME OF LATEST TRANSACTION
control field 20260305122332.0
008 - FIXED-LENGTH DATA ELEMENTS--GENERAL INFORMATION
fixed length control field 260305s1952 p ||||| |||| 00| 0 urd d
035 ## - SYSTEM CONTROL NUMBER
System control number (BD-RjUL)86247
040 ## - CATALOGING SOURCE
Original cataloging agency BD-RjUL
Language of cataloging eng
Transcribing agency BD-RjUL
041 ## - LANGUAGE CODE
Language code of text/sound track or separate title urd
082 ## - DEWEY DECIMAL CLASSIFICATION NUMBER
Edition number 23
Classification number 297
Author mark and year AKM 1952
245 ## - TITLE STATEMENT
Title مذاہب اسلامیہ ;; Mujahib i Islamiah ,/
Statement of responsibility, etc. خواجہ عباد اللہ اختر ;; Khawaja Ibadullah Akhtar
260 ## - PUBLICATION, DISTRIBUTION, ETC. (IMPRINT)
Place of publication, distribution, etc. Lahore :
Name of publisher, distributor, etc. مطبوعات ادارہ ثقافت اسلامیہ ,
Date of publication, distribution, etc. 1952
300 ## - PHYSICAL DESCRIPTION
Pagination 333 p. ;
Size 21 cm
650 ## - SUBJECT ADDED ENTRY--TOPICAL TERM
Topical term or geographic name as entry element Islam
942 ## - ADDED ENTRY ELEMENTS (KOHA)
Source of classification or shelving scheme Dewey Decimal Classification
Koha item type Books
Holdings
Lost status Source of classification or shelving scheme Damaged status Not for loan Collection code Permanent Location Current Location Shelving location Date acquired Total Checkouts Full call number Date last seen Copy number Koha item type
  Dewey Decimal Classification   Not For Loan Non-fiction Central Library, University of Rajshahi Central Library, University of Rajshahi Reading Room 05/03/2026   U 297 AKM 1952 05/03/2026 C-1 Books